<?xml version="1.0" encoding="UTF-8"?>
<marc:record xmlns:marc="http://www.loc.gov/MARC21/slim">
   <marc:leader>00000nam a2200000 a 4500</marc:leader>
   <marc:datafield ind1="1" ind2=" " tag="100">
      <marc:subfield code="a">Gessner, Conrad</marc:subfield>
   </marc:datafield>
   <marc:datafield ind1="1" ind2=" " tag="100">
      <marc:subfield code="a">Petri, Heinrich</marc:subfield>
   </marc:datafield>
   <marc:datafield ind1="1" ind2=" " tag="100">
      <marc:subfield code="a">Melanchthon, Philipp</marc:subfield>
   </marc:datafield>
   <marc:datafield ind1="1" ind2=" " tag="100">
      <marc:subfield code="a">Amerot, Adrien</marc:subfield>
   </marc:datafield>
   <marc:datafield ind1="1" ind2=" " tag="100">
      <marc:subfield code="a">Budé, Guillaume</marc:subfield>
   </marc:datafield>
   <marc:datafield ind1=" " ind2=" " tag="653">
      <marc:subfield code="a">f||Wörterbuch</marc:subfield>
   </marc:datafield>
   <marc:datafield ind1=" " ind2=" " tag="653">
      <marc:subfield code="a">g||Griechisch</marc:subfield>
   </marc:datafield>
   <marc:datafield ind1=" " ind2=" " tag="653">
      <marc:subfield code="a">s||Latein</marc:subfield>
   </marc:datafield>
   <marc:datafield ind1="0" ind2="0" tag="245">
      <marc:subfield code="a">Lexikon Hellenormaïkon, Hoc Est, Dictionarivm Graecolatinum</marc:subfield>
   </marc:datafield>
   <marc:datafield ind1="0" ind2="0" tag="245">
      <marc:subfield code="b">supra omnes editiones postremo Nunc Hoc Anno Ex Variis Et multis praestantioribus linguae Graecae authoribus, commentariis, thesauris &amp; accessionibus, non duntaxat allegationum, sed etiam plurimarum vocum simplicium auctario locupletatum, illustratum &amp; em</marc:subfield>
   </marc:datafield>
   <marc:datafield ind1="0" ind2="0" tag="245">
      <marc:subfield code="c">per: G. Budaeum. L. Tusanum. C. Gesnerum. H. Iunium. R. Constantinum. Io. Hartungum. Mar. Hopperum</marc:subfield>
   </marc:datafield>
   <marc:datafield ind1=" " ind2="1" tag="264">
      <marc:subfield code="a">Basileae</marc:subfield>
      <marc:subfield code="b">Petri</marc:subfield>
      <marc:subfield code="c">1572</marc:subfield>
   </marc:datafield>
   <marc:datafield ind1="1" ind2=" " tag="520">
      <marc:subfield code="a">Erscheinungsvermerk lt. Vorlage: Basileae, Ex Officina Henric- Petrina. - Vorlageform des Kolophons: Anno Salvtis Hvmanae M.D.LXXII. Mense Martio.</marc:subfield>
   </marc:datafield>
   <marc:datafield ind1=" " ind2=" " tag="500">
      <marc:subfield code="a">Teilw. in griech. Schr. - Bibliogr. Nachweis: VD16 L 1409</marc:subfield>
   </marc:datafield>
   <marc:datafield ind1=" " ind2=" " tag="300">
      <marc:subfield code="a">[954] Bl.; 31 cm</marc:subfield>
   </marc:datafield>
</marc:record>
